Cinética química

Gespeichert in:
Bibliographische Detailangaben
1. Verfasser: Harris, Gordon M (VerfasserIn)
Format: Buch
Sprache:Spanisch
Veröffentlicht: Barcelona Reverté 1973
Schlagworte:
Tags: Tag hinzufügen
Keine Tags, Fügen Sie den ersten Tag hinzu!

MARC

LEADER 00000nam a2200000 a 4500
001 UCG7307
003 CL-VaPUC
008 110715e19730000SP |||||||||||||||||spa|d
020 |a 8429172211 
082 0 4 |a 541.394  |b HAR  |2 21 
100 0 |a Harris, Gordon M  |e author  |9 557999 
245 1 0 |a Cinética química 
300 |a 125 p 
942 |c BK 
945 |d 20110715 00:00:00  |a dcastane 
260 |a Barcelona  |b Reverté  |c 1973 
650 0 |a Cinética química   |9 344779 
650 0 |a Reacciones químicas  |9 259438 
583 |a last modification  |c 20180403 11:37:42  |k Rodrigo Vera 
999 |c 345333  |d 345331 
952 |0 0  |1 0  |4 0  |6 541_394000000000000_HAR_1973  |7 0  |8 A  |9 443957  |a BIBCUR  |b BIBCUR  |d 2019-11-22  |i 4787064  |l 2  |o 541.394 HAR 1973  |p 4787064  |r 2025-04-22  |s 2025-03-21  |w 2019-11-22  |y BK  |k QUI 
952 |0 0  |1 0  |4 0  |6 541_394000000000000_HAR_1973  |7 0  |8 A  |9 443958  |a BIBCUR  |b BIBCUR  |d 2019-11-22  |i 4787072  |o 541.394 HAR 1973  |p 4787072  |r 2025-04-22  |w 2019-11-22  |y BK  |k QUI 
952 |0 0  |1 0  |4 0  |6 541_394000000000000_HAR_1973  |7 0  |8 A  |9 443959  |a BIBCUR  |b BIBCUR  |d 2019-11-22  |i 4787080  |l 1  |o 541.394 HAR 1973  |p 4787080  |r 2025-04-22  |s 2022-04-11  |w 2019-11-22  |y BK  |k QUI